[Event "Turtle Speed Knockout # 17"]
[Site "SchemingMind.com"]
[Date "2009.02.01"]
[Round "-"]
[White "Kobiahshi"]
[Black "Pedro Yanes"]
[Result "0-1"]
[WhiteCountry "USA"]
[BlackCountry "USA"]
[WhiteElo "1664"]
[WhiteRD "73"]
[BlackElo "2057"]
[BlackRD "83"]
[GameID "189903"]

1. d4 e6 2. Nf3 d5 3. e3 Nf6 4. Bd3 c5 5. b3 Nc6 6. O-O cxd4 7. exd4 Nb4 8. Be2 Be7 9. c3 Nc6 10. Nbd2 O-O
11. Bb2 Bd7 12. Bd3 Bd6 13. Qc2 Rc8 14. Bc1 Nb4 15. Qb1 Rxc3 16. Qb2 Rxd3 17. Ne1 Bb5 18. Nef3 Qc7 19. a3 Nc2 20. Ra2 Rc8
21. Nc4 dxc4 22. a4 cxb3 23. axb5 bxa2 24. Qxa2 Nxd4 25. Rd1 Rxd1+
0-1

[Event "Turtle Speed Knockout # 17"]
[Site "SchemingMind.com"]
[Date "2009.02.01"]
[Round "-"]
[White "Pedro Yanes"]
[Black "Kobiahshi"]
[Result "1-0"]
[WhiteCountry "USA"]
[BlackCountry "USA"]
[WhiteElo "2057"]
[WhiteRD "83"]
[BlackElo "1664"]
[BlackRD "73"]
[GameID "189914"]

1. c4 f5 2. d4 Nf6 3. Nf3 g6 4. Nc3 d6 5. Bg5 h6 6. Bxf6 exf6 7. e3 Bg7 8. Bd3 Nc6 9. O-O Bd7 10. Nh4 Ne7
11. Nd5 Be6 12. Nxe7 Qxe7 13. Nxg6 Qf7 14. Nxh8 Bxh8 15. d5 Bd7 16. Qc2 Qg6 17. c5 Ke7 18. e4 Rg8 19. cxd6+ Kxd6 20. g3 fxe4
21. Rac1 f5 22. Qc5+ Ke5 23. Qe7+
1-0

[Event "Turtle Speed Knockout # 17"]
[Site "SchemingMind.com"]
[Date "2009.02.06"]
[Round "-"]
[White "maro"]
[Black "n_antonov"]
[Result "0-1"]
[WhiteCountry "MEX"]
[BlackCountry "BUL"]
[WhiteElo "1326"]
[WhiteRD "50"]
[BlackElo "2172"]
[BlackRD "86"]
[GameID "190751"]

1. Nf3 Nf6 2. d4 e6 3. Qd3 Be7 4. Bd2 d5 5. Ne5 O-O 6. g3 c5 7. dxc5 Qc7 8. Bf4 g5 9. Bxg5 Qxe5 10. Bd2 Qxb2
11. Na3 Qxa1+ 12. Bc1 Bxc5 13. Bg2 Qxc1+ 14. Qd1 Bb4+
0-1

[Event "Turtle Speed Knockout # 17"]
[Site "SchemingMind.com"]
[Date "2009.02.06"]
[Round "-"]
[White "n_antonov"]
[Black "maro"]
[Result "1-0"]
[WhiteCountry "BUL"]
[BlackCountry "MEX"]
[WhiteElo "2172"]
[WhiteRD "86"]
[BlackElo "1326"]
[BlackRD "50"]
[GameID "190755"]

1. d4 c6 2. c4 d5 3. Nf3 dxc4 4. e3 Qd5 5. Nc3 Qa5 6. Bxc4 e6 7. O-O Nf6 8. Bd2 Qb4 9. Nd5 Qxc4 10. Nc7+ Kd8
11. Nxa8 Bd6 12. Ne5 Bxe5 13. dxe5 Nfd7 14. Qh5 Qd5 15. Qg5+ f6 16. Qxg7 Rf8 17. Bb4 c5 18. Rad1 Qc4 19. Qxf8#
1-0

[Event "Turtle Speed Knockout # 17"]
[Site "SchemingMind.com"]
[Date "2009.02.06"]
[Round "-"]
[White "rao"]
[Black "lemmie"]
[Result "0-1"]
[WhiteCountry "INT"]
[BlackCountry "NED"]
[WhiteElo "1546"]
[WhiteRD "75"]
[BlackElo "1754"]
[BlackRD "52"]
[GameID "190881"]

1. e4 e5 2. Nf3 Nc6 3. Bc4 Bc5 4. d3 h6 5. Nc3 Nf6 6. h3 d6 7. Bb5 Bd7 8. Nd5 a6 9. Ba4 b5 10. Bb3 O-O
11. Nh4 Nb4 12. Ne3 Nxe4 13. Ng6 Nxf2 14. Qf3 Nfxd3+ 15. cxd3 Nxd3+ 16. Kf1 Nf4 17. Nxf4 exf4 18. Qxf4 Qe7 19. Nd5 Qd8 20. Bd2 c6
21. Ne3 Be6 22. Nf5 g5 23. Qe4 Qf6 24. g4 Bxf5 25. Qxf5 Qxb2 26. Rd1 Rae8 27. Rh2 Qd4 28. Rh1 Re5 29. Qf3 b4 30. Kg2 d5
31. Bxg5 Qb2+ 32. Rd2 Qc3 33. Bxh6 Rfe8 34. Rf1 Qxf3+ 35. Rxf3 Re1 36. Rc2 Rg1+ 37. Kh2 Ree1 38. Rg2 Bd6+ 39. Bf4 Bxf4+ 40. Rxf4 Rh1+
41. Kg3 Re3+ 42. Rf3 Rxh3+ 43. Kxh3 Rxf3+ 44. Kh4 Kg7 45. Rc2 Rc3 46. Re2 Rd3 47. Re7 c5 48. Ra7 c4 49. Bc2 Rd2 50. Bb1 Rd1
51. Bf5 d4 52. Rxa6 d3 53. Ra4 d2 54. Bc2 Rh1+ 55. Kg5 Rc1 56. Be4 d1=Q 57. Rxb4 Qd2+ 58. Kf5 Qxb4
0-1

[Event "Turtle Speed Knockout # 17"]
[Site "SchemingMind.com"]
[Date "2009.02.06"]
[Round "-"]
[White "gvozd"]
[Black "bbking"]
[Result "1-0"]
[WhiteCountry "SRB"]
[BlackCountry "ITA"]
[WhiteElo "1947"]
[WhiteRD "183"]
[BlackElo "1253"]
[BlackRD "255"]
[GameID "190883"]

1. e4 e5 2. Nf3 Nc6 3. Bb5 a6 4. Bxc6 dxc6 5. O-O f6 6. d4 Bg4 7. c3 Bd6 8. Nbd2 Nh6 9. h3 Be6 10. Nb3 O-O
11. Bxh6 gxh6 12. Qc1 c5 13. dxc5 Bxb3 14. axb3 Bxc5 15. Qxh6 Qe7 16. Nh4 f5 17. Nxf5 Rf6 18. Qg5+ Rg6 19. Nxe7+
1-0

[Event "Turtle Speed Knockout # 17"]
[Site "SchemingMind.com"]
[Date "2009.02.07"]
[Round "-"]
[White "lemmie"]
[Black "rao"]
[Result "0-1"]
[WhiteCountry "NED"]
[BlackCountry "INT"]
[WhiteElo "1762"]
[WhiteRD "51"]
[BlackElo "1611"]
[BlackRD "84"]
[GameID "190885"]

1. e4 c5 2. Nf3 Nf6 3. Nc3 Nc6 4. Bc4 e6 5. d4 cxd4 6. Nxd4 Bb4 7. Nxc6 bxc6 8. Bd2 Bxc3 9. Bxc3 O-O 10. Bd3 d6
11. O-O e5 12. h3 Be6 13. a3 c5 14. f4 c4 15. Be2 Nxe4 16. fxe5 dxe5 17. Bxe5 Qg5 18. Bd4 Bxh3 19. Bf3 Rfe8 20. Kh2 Qf4+
21. Kg1 Nd2 22. Bxa8 Qxd4+ 23. Kh2 Nxf1+ 24. Qxf1 Rxa8 25. Rd1 Qxb2 26. Qf3 Re8 27. Re1 Bd7 28. Qd5 Rxe1 29. Qxd7 g6 30. a4 Qe5+
31. g3 Qe2+ 32. Kh3 Rh1#
0-1

[Event "Turtle Speed Knockout # 17"]
[Site "SchemingMind.com"]
[Date "2009.02.06"]
[Round "-"]
[White "bbking"]
[Black "gvozd"]
[Result "0-1"]
[WhiteCountry "ITA"]
[BlackCountry "SRB"]
[WhiteElo "1253"]
[WhiteRD "255"]
[BlackElo "1947"]
[BlackRD "183"]
[GameID "190887"]

1. e4 e5 2. Nf3 Nc6 3. Nc3 Nf6 4. Bb5 Bc5 5. O-O O-O 6. Nxe5 Nxe5 7. d4 Bd6 8. f4 Nc6 9. e5 Be7 10. Qf3 Nxd4
11. Qd3 Nxb5 12. exf6 Bc5+ 13. Be3 Bxe3+ 14. Qxe3 Re8 15. Qf3 Nxc3 16. bxc3 Qxf6 17. Rae1 Rxe1 18. Rxe1 g6 19. f5 Kg7 20. fxg6 Qxf3
21. gxf3 Kxg6 22. c4 b6 23. Re8 Bb7 24. Re7 Rd8 25. a4 Bxf3 26. Kf2 Bc6 27. c3 Bxa4
0-1

[Event "Turtle Speed Knockout # 17"]
[Site "SchemingMind.com"]
[Date "2009.02.07"]
[Round "-"]
[White "skeeter"]
[Black "nhitchings"]
[Result "1-0"]
[WhiteCountry "NZL"]
[BlackCountry "USA"]
[WhiteElo "1677"]
[WhiteRD "229"]
[BlackElo "1292"]
[BlackRD "168"]
[GameID "191055"]

1. c4 c5 2. Nf3 g6 3. Nc3 Nc6 4. e3 Bg7 5. d4 d6 6. Be2 cxd4 7. exd4 e6 8. d5 Nce7 9. dxe6 fxe6 10. Nb5 Nf5
11. c5 d5 12. Bf4
1-0

[Event "Turtle Speed Knockout # 17"]
[Site "SchemingMind.com"]
[Date "2009.02.07"]
[Round "-"]
[White "nhitchings"]
[Black "skeeter"]
[Result "0-1"]
[WhiteCountry "USA"]
[BlackCountry "NZL"]
[WhiteElo "1292"]
[WhiteRD "168"]
[BlackElo "1677"]
[BlackRD "229"]
[GameID "191061"]

1. e4 c5 2. d4 cxd4 3. c3 Nf6 4. e5 Nd5 5. cxd4 d6 6. Nf3 Nc6 7. Bb5 Qa5+ 8. Nc3 Nxc3 9. Bxc6+ bxc6 10. bxc3 Qxc3+
11. Bd2 Qd3
0-1

[Event "Turtle Speed Knockout # 17"]
[Site "SchemingMind.com"]
[Date "2009.02.08"]
[Round "-"]
[White "Joe Daudish"]
[Black "Malcolm  Horne"]
[Result "0-1"]
[WhiteCountry "USA"]
[BlackCountry "WLS"]
[WhiteElo "1730"]
[WhiteRD "45"]
[BlackElo "1977"]
[BlackRD "232"]
[GameID "191234"]

1. d4 c5 2. Nf3 cxd4 3. Qxd4 Nc6 4. Qd1 d5 5. Bf4 g6 6. e3 Bg7 7. c3 e5 8. Bg3 Nge7 9. Be2 O-O 10. O-O Nf5
11. Nbd2 Qe7 12. Nb3 Rd8 13. h3 Nxg3 14. fxg3 Bh6 15. Qc2 Bxe3+ 16. Kh2 Bf5 17. Qd1 Rd6 18. Bb5 f6 19. Bxc6 bxc6 20. Qe2 Bh6
21. Nh4 Bc8 22. Rad1 Re6 23. Rf2 Qd6 24. Qd3 e4 25. Qe2 Bg5 26. Nd4 Bxh4 27. Qg4 Qxg3+ 28. Qxg3 Bxg3+ 29. Kxg3 Rd6 30. b4 Ba6
31. Kf4 Bc4 32. a4 a6 33. a5 Rc8 34. h4 Kf7 35. g4 c5 36. bxc5 Rxc5 37. Ra1 Bb5
0-1

[Event "Turtle Speed Knockout # 17"]
[Site "SchemingMind.com"]
[Date "2009.02.08"]
[Round "-"]
[White "Malcolm  Horne"]
[Black "Joe Daudish"]
[Result "1-0"]
[WhiteCountry "WLS"]
[BlackCountry "USA"]
[WhiteElo "1977"]
[WhiteRD "232"]
[BlackElo "1730"]
[BlackRD "45"]
[GameID "191237"]

1. e4 e6 2. d4 d5 3. e5 Ne7 4. Nf3 Ng6 5. Bd3 Be7 6. h4 c5 7. c3 Nc6 8. h5 Nf8 9. a3 h6 10. b4 b6
11. Be3 c4 12. Bc2 a6 13. Ng1 Bd7 14. Qg4 Rg8 15. Bxh6 g5 16. Bxf8 Bxf8 17. h6 Rh8 18. h7 Bg7 19. f4 Ne7 20. Qxg5 Nf5
21. Qg4 Kf8 22. Bxf5 exf5 23. Qf3 Be6 24. a4 b5 25. a5 Ra7 26. Na3 f6 27. O-O-O fxe5 28. dxe5 Ke8 29. Qh5+ Kd7 30. Nf3 Qe7
31. Nc2 Qf7 32. Qxf7+ Bxf7 33. Ne3 Be6 34. Nxd5 Bxd5 35. Rxd5+ Ke7 36. Nd4 Bf8 37. Nc6+ Ke6 38. Rxb5 Raxh7 39. Nd4+ Kf7 40. Rb7+
1-0

[Event "Turtle Speed Knockout # 17"]
[Site "SchemingMind.com"]
[Date "2009.03.28"]
[Round "-"]
[White "reo"]
[Black "n_antonov"]
[Result "0-1"]
[WhiteCountry "THA"]
[BlackCountry "BUL"]
[WhiteElo "1836"]
[WhiteRD "70"]
[BlackElo "2218"]
[BlackRD "63"]
[GameID "197545"]

1. e4 e6 2. d4 d5 3. Nc3 Bb4 4. e5 c5 5. a3 Bxc3+ 6. bxc3 Ne7 7. Qg4 O-O 8. Bd3 Nbc6 9. Qh5 Ng6 10. Nf3 Qc7
11. h4 cxd4 12. Kd1 dxc3 13. Ng5 h6 14. Nf3 Ngxe5 15. Bf4 f6 16. Rh3 Qf7
0-1

[Event "Turtle Speed Knockout # 17"]
[Site "SchemingMind.com"]
[Date "2009.03.28"]
[Round "-"]
[White "n_antonov"]
[Black "reo"]
[Result "1-0"]
[WhiteCountry "BUL"]
[BlackCountry "THA"]
[WhiteElo "2218"]
[WhiteRD "63"]
[BlackElo "1836"]
[BlackRD "70"]
[GameID "197549"]

1. d4 Nf6 2. c4 e6 3. Nc3 Bb4 4. Qc2 d5 5. a3 Bxc3+ 6. Qxc3 Ne4 7. Qc2 c5 8. dxc5 Nc6 9. cxd5 exd5 10. Nf3 Bf5
11. b4 O-O 12. Bb2 Re8 13. Rd1 b6 14. e3 bxc5 15. Bb5 Re6 16. Qb3 c4 17. Bxc4 Na5 18. bxa5 Qxa5+ 19. Qb4 Qxb4+ 20. axb4 dxc4
21. Nd4 Rf6 22. f3 Ng5 23. h4 Ne6 24. Nc6 Nc7 25. Bxf6
1-0

[Event "Turtle Speed Knockout # 17"]
[Site "SchemingMind.com"]
[Date "2009.04.16"]
[Round "-"]
[White "skeeter"]
[Black "gvozd"]
[Result "1-0"]
[WhiteCountry "NZL"]
[BlackCountry "SRB"]
[WhiteElo "2004"]
[WhiteRD "114"]
[BlackElo "1726"]
[BlackRD "97"]
[GameID "200600"]

1. c4 Nf6 2. Nf3 g6 3. Nc3 Bg7 4. d4 O-O 5. e4 d6 6. Be2 b6 7. O-O Bb7 8. e5 dxe5 9. Nxe5 Nbd7 10. f4 Ne4
11. Bf3 f5 12. Nxe4 fxe4 13. Bg4 Nxe5 14. dxe5 Qd3 15. Be2 Qxd1= 16. Rxd1 Bc6 17. a4 a5 18. Be3 g5 19. g3 gxf4 20. Bxf4 Rxf4
21. gxf4 Bh6 22. c5 Bxf4= 23. Bc4+ Kg7= 24. Kh1 Bxe5 25. Bd5 Bxd5= 26. Rxd5 Kf6 27. cxb6
1-0

[Event "Turtle Speed Knockout # 17"]
[Site "SchemingMind.com"]
[Date "2009.04.15"]
[Round "-"]
[White "gvozd"]
[Black "skeeter"]
[Result "0-1"]
[WhiteCountry "SRB"]
[BlackCountry "NZL"]
[WhiteElo "1726"]
[WhiteRD "97"]
[BlackElo "2004"]
[BlackRD "114"]
[GameID "200605"]

1. e4 c5 2. Nf3 d6 3. d4 cxd4 4. Nxd4 Nf6 5. Nc3 a6 6. Be2 e6 7. O-O Be7 8. Qd3 O-O 9. Qg3 Kh8 10. Rd1 e5
11. Nf5 Bxf5 12. exf5 Nc6 13. Be3 d5 14. Bf3 d4 15. Bxc6 Qb6 16. Nd5 Qxc6 17. Nxe7 Qc5 18. Bxd4 exd4 19. Qa3 Qxc2 20. h3 Rfd8
21. Rac1 Qe2 22. Re1 Qb5 23. Rc5= Qb6 24. Rec1= Qd6 25. Nc8 Qf8 26. Nb6 Rab8 27. Rd1 Nd7
0-1

[Event "Turtle Speed Knockout # 17"]
[Site "SchemingMind.com"]
[Date "2009.05.20"]
[Round "-"]
[White "Malcolm  Horne"]
[Black "Pedro Yanes"]
[Result "1/2-1/2"]
[WhiteCountry "WLS"]
[BlackCountry "USA"]
[WhiteElo "1973"]
[WhiteRD "155"]
[BlackElo "2136"]
[BlackRD "103"]
[GameID "205010"]

1. c4 e6 2. d4 d5 3. Nc3 c6 4. e3 Nf6 5. Nf3 Nbd7 6. Bd3 Be7 7. O-O O-O 8. e4 dxe4 9. Nxe4 Nxe4 10. Bxe4 c5
11. Be3 Qc7 12. dxc5 Nxc5 13. Bc2 Rd8 14. Qe2 e5 15. Rad1 Be6 16. Ng5 Bxg5 17. Bxg5 f6 18. Be3 b6 19. b3 Rac8 20. Rxd8+ Rxd8
21. Rd1 Rxd1+ 22. Qxd1 g6 23. h4 f5 24. h5 Kf7 25. Qf3 e4 26. Qd1 Kg8 27. hxg6 hxg6 28. Qd4 Nd7 29. Qd2 Kf7 30. Bd4 Qd6
31. g3 Ne5 32. Bd1 Bd7 33. Bc3 Qxd2 34. Bxd2 Ke6 35. Kf1 b5 36. cxb5 Bxb5+ 37. Be2 Bxe2+ 38. Kxe2 Kd5 39. Be3 a6 40. Kd2 g5
41. Ba7 f4 42. gxf4 gxf4 43. Bb8 Nd3 44. a3 Ke6 45. f3 Kd5 46. b4 Ne5 47. fxe4+ Kxe4 48. Bxe5 Kxe5 49. a4=
1/2-1/2

[Event "Turtle Speed Knockout # 17"]
[Site "SchemingMind.com"]
[Date "2009.05.19"]
[Round "-"]
[White "Pedro Yanes"]
[Black "Malcolm  Horne"]
[Result "1-0"]
[WhiteCountry "USA"]
[BlackCountry "WLS"]
[WhiteElo "2148"]
[WhiteRD "101"]
[BlackElo "1941"]
[BlackRD "162"]
[GameID "205017"]

1. c4 e5 2. g3 d6 3. Bg2 f5 4. d3 Nf6 5. Nc3 Be7 6. Nf3 O-O 7. O-O Qe8 8. Qb3 Qh5 9. h4 Kh8 10. Be3 c6
11. Rad1 Ng4 12. Bg5 Qf7 13. e4 h6 14. Bxe7 Qxe7 15. Qa3 c5 16. Nd5 Qd8 17. h5 Be6 18. Nh4 Bf7 19. Qb3 Qd7 20. f3 Nf6
21. Nxf6 gxf6 22. Bh3 Bxh5 23. Kg2 Nc6 24. Nxf5 Qc7 25. Rh1 Rf7 26. Bg4 Bxg4 27. Rxh6+ Rh7 28. Rxh7+ Kxh7 29. Rh1+ Kg8 30. Nh6+ Kg7
31. Nxg4 Ne7 32. Qc2 Qa5 33. Qc1 Ng8 34. Ne3 Ne7 35. Nd5 Ng8 36. a3 Qa4 37. f4 Rf8 38. Qd2 Rf7 39. Qe2 Qd7 40. f5 Qd8
41. Qg4+ Kf8 42. Rh8 Rg7 43. Qh4 Kf7 44. Kf3 Rg5 45. Nc7 Qxc7 46. Qxg5
1-0

[Event "Turtle Speed Knockout # 17"]
[Site "SchemingMind.com"]
[Date "2009.12.26"]
[Round "-"]
[White "skeeter"]
[Black "Pedro Yanes"]
[Result "1/2-1/2"]
[WhiteCountry "NZL"]
[BlackCountry "USA"]
[WhiteElo "2085"]
[WhiteRD "118"]
[BlackElo "2148"]
[BlackRD "90"]
[GameID "232383"]

1. d4 g6 2. c4 Bg7 3. Nc3 Nf6 4. e4 d6 5. Nf3 c6 6. Be2 O-O 7. O-O Nbd7 8. h3 e5 9. Be3 Qe7 10. d5 c5
11. Bd3 Nh5 12. Qd2 Nf4 13. Bxf4 exf4 14. Qxf4 Ne5 15. Qe3 Nxf3+ 16. Qxf3 Bd7 17. Rfe1 Qg5 18. Re2 Rae8 19. a3 Be5 20. Bc2 Re7
21. Rd1 a6 22. Rb1 Rb8 23. Nd1 b5 24. Ne3 b4 25. axb4 Rxb4 26. b3 a5 27. Bd3 Re8 28. Ra2 a4 29. bxa4 Reb8 30. Rd1 Bxa4
31. Bc2 Bxc2 32. Rxc2 Bd4 33. Ra2 Bxe3 34. Qxe3 Qxe3 35. fxe3 Rxc4 36. e5 dxe5 37. d6 Rd8 38. Ra7 e4 39. Rf1 f5 40. Rfa1 Rxd6
41. Rc7 Rd8 42. Raa7 Rc1+ 43. Kh2 h5 44. Rg7+ Kf8 45. Rxg6 h4 46. Rh6 Kg8 47. Rxh4 Rc3 48. Rhh7 Rxe3 49. h4 Ra3 50. Rag7+ Kf8
51. Rc7 Kg8 52. Rhe7 Ra6 53. h5 Rh6 54. g4 fxg4 55. Rxc5 Rh7 56. Rg5+ Kh8 57. Rxe4 Rg7 58. Rgxg4 Rxg4= 59. Rxg4 Rd3 60. Rg5 Kh7
61. Kg2 Kh6 62. Rf5 Rc3=
1/2-1/2

[Event "Turtle Speed Knockout # 17"]
[Site "SchemingMind.com"]
[Date "2009.12.26"]
[Round "-"]
[White "Pedro Yanes"]
[Black "skeeter"]
[Result "1-0"]
[WhiteCountry "USA"]
[BlackCountry "NZL"]
[WhiteElo "2148"]
[WhiteRD "97"]
[BlackElo "2078"]
[BlackRD "115"]
[GameID "232387"]

1. c4 e6 2. d4 d5 3. Nf3 Nf6 4. g3 Be7 5. Bg2 O-O 6. O-O dxc4 7. Ne5 Nc6 8. Bxc6 bxc6 9. Nxc6 Qe8 10. Nxe7+ Qxe7
11. Na3 Rd8 12. Nxc4 c5 13. Ne5 Bb7 14. Bg5 Rxd4 15. Qc2 Qd6 16. Nf3 Bxf3 17. exf3 Nd5 18. Rad1 Nb4 19. Rxd4 cxd4 20. Qe4 Rc8
21. Bf4 Qd7 22. a3 f5 23. Qe2 d3 24. Qd2 Nc2 25. Rd1 Rc5 26. Be3 Rd5 27. f4 Qa4 28. Rb1
1-0

[Event "Turtle Speed Knockout # 17"]
[Site "SchemingMind.com"]
[Date "2010.01.03"]
[Round "-"]
[White "egis"]
[Black "n_antonov"]
[Result "0-1"]
[WhiteCountry "LTU"]
[BlackCountry "BUL"]
[WhiteElo "2020"]
[WhiteRD "75"]
[BlackElo "2283"]
[BlackRD "84"]
[GameID "232962"]

1. Nf3 Nf6 2. c4 c5 3. e3 g6 4. Be2 Bg7 5. O-O O-O 6. Nc3 Nc6 7. d3 d5 8. cxd5 Nxd5 9. Ne4 b6 10. Qa4 Qd7
11. Qa3 Ndb4 12. Rb1 Ba6 13. Rd1 Qe6 14. Nc3 Rad8 15. e4 Bxd3 16. Bxd3 Rxd3 17. Rxd3 Nxd3 18. Be3 Rd8 19. Nd2 Ndb4 20. Qb3 Qxb3
21. axb3 Nd3 22. Nd1 Bd4 23. Nf3 Kg7 24. Bd2 f6 25. Bc3 h6 26. Kf1 g5 27. Ne1 Nf4 28. Nc2 Nd3 29. Ne1 Nf4 30. Nc2 e6
31. b4 cxb4 32. Nxb4 Nxb4 33. Bxb4 Nd3 34. Bc3 Nc5 35. f3 Nb3 36. Be1 Be5 37. Kg1 a5 38. h4 gxh4 39. Bxh4 a4 40. Bf2 b5
41. Be1 Bxb2 42. Rxb2 Rxd1 43. Kf2 Rd3 44. Rc2 Nd4 45. Ra2 Rb3 46. Kg3 a3 47. Kh3 Nc6 48. Rc2 Ne5 49. Rc7+ Kg6 50. Ra7 Nd3
51. Bg3 b4 52. Bd6 Rc3 53. Bf8 Kg5 54. Rg7+ Kf4 55. Ra7 h5 56. Bh6+ Ke5 57. Bf8 Kd4 58. Be7 Nf4+ 59. Kg3 Nd3 60. Kh3 Kc4
61. Bxf6 Rc2 62. Rc7+ Kb3 63. Rd7 Rd2 64. Kh2 a2 65. Ra7 e5 66. Kg3 Kc4 67. Kh2 Kb3 68. Kg3 Re2 69. Bh8 Kb2 70. f4 Re3+
71. Kh4 Rxe4 72. Kxh5 a1=Q 73. Rxa1 Kxa1 74. fxe5 Rxe5+ 75. Bxe5+ Nxe5 76. Kg5 b3 77. Kf4 Nc6 78. Ke4 b2 79. Kd5 b1=Q 80. Kxc6 Qg6+
81. Kd5 Qxg2+ 82. Ke6 Qg5
0-1

[Event "Turtle Speed Knockout # 17"]
[Site "SchemingMind.com"]
[Date "2010.07.15"]
[Round "-"]
[White "n_antonov"]
[Black "Pedro Yanes"]
[Result "1/2-1/2"]
[WhiteCountry "BUL"]
[BlackCountry "USA"]
[WhiteElo "2298"]
[WhiteRD "98"]
[BlackElo "2136"]
[BlackRD "88"]
[GameID "254327"]

1. d4 d5 2. c4 e6 3. Nc3 Nf6 4. Nf3 Be7 5. Bg5 Nbd7 6. e3 O-O 7. Rc1 h6 8. Bh4 b6 9. cxd5 exd5 10. Bd3 c5
11. dxc5 bxc5 12. O-O Bb7 13. Bf5 Re8 14. Bg3 g6 15. Bh3 Bf8 16. b3 Nb6 17. a4 a5 18. Nb5 Ne4 19. Bf4 Ba6 20. Nc7 Bxf1
21. Kxf1 Qf6 22. Nxa8 Nxa8 23. Bd7 Re7 24. Bb5 Nb6 25. Bb8 Bg7 26. Qc2 Qe6 27. h4 Nd7 28. Bc7 Bc3 29. Bf4= Ndf6 30. Qd3 Bb4
31. Rd1 Kg7 32. Be5 Kh7 33. Bf4 d4 34. exd4 cxd4 35. Kg1 Ng4 36. Rf1 Qf6 37. g3 Bc5 38. Bc4= Kg7 39. Kg2 Bb6 40. Bb5 Ba7
41. Bc4=
1/2-1/2

[Event "Turtle Speed Knockout # 17"]
[Site "SchemingMind.com"]
[Date "2010.07.15"]
[Round "-"]
[White "Pedro Yanes"]
[Black "n_antonov"]
[Result "0-1"]
[WhiteCountry "USA"]
[BlackCountry "BUL"]
[WhiteElo "2136"]
[WhiteRD "88"]
[BlackElo "2298"]
[BlackRD "98"]
[GameID "254336"]

1. d4 Nf6 2. Nf3 e6 3. c4 d5 4. Nc3 c6 5. e3 Nbd7 6. Bd3 dxc4 7. Bxc4 b5 8. Bd3 Bb7 9. Bd2 Be7 10. O-O O-O
11. Rc1 a6 12. b3 c5 13. a4 cxd4 14. exd4 b4 15. Ne2 Qb6 16. Ne5 Nxe5 17. dxe5 Ng4 18. Nf4 Nxe5 19. Bxh7+ Kxh7 20. Qh5+ Kg8
21. Qxe5 Rfd8 22. Be3 Qd6 23. Qxd6 Bxd6 24. Rfd1 Be5 25. f3 Rxd1+ 26. Rxd1 Rc8 27. Rd7 Rc7 28. Rd8+ Kh7 29. Nd3 Bf6 30. Rb8 Rc3
31. Rxb7 Rxd3 32. Bc5 a5 33. Rxf7 Rxb3 34. Rb7 Ra3
0-1